Normal view
MARC view
- Shafiq Ur Rahman
Entry Personal Name
001 - CONTROL NUMBER
- control field: 122486
003 - CONTROL NUMBER IDENTIFIER
- control field: NUST
005 - DATE AND TIME OF LATEST TRANSACTION
- control field: 20240425174117.0
008 - FIXED-LENGTH DATA ELEMENTS
- fixed length control field: 240425|| aca||aabn | a|a d
040 ## - CATALOGING SOURCE
- Original cataloging agency: NUST
- Transcribing agency: NUST
100 ## - HEADING--PERSONAL NAME
- Personal name: Shafiq Ur Rahman
- Dates associated with a name: 1920-1999
670 ## - SOURCE DATA FOUND
- Source citation: Work cat.: (NUST)3964: Shafiq Ur Rahman 1920-1999., Mazīd ḥamāqaten̲ /, 2001.
